00492nam a22001577a 450000500170000001000150001702000230003203500140005503700090006908200160007824500650009425000060015926000450016527001020021030000220031220250127105430.0 aENG-143606 a8188141097c550.00 aEN-127138 bDBAD a947.084121 aS. A. Dange Selected Writings/cby Vichar Bharati Prakashan  a1 aMumbaib Vichar Bharati Prakashan c2021 a33, Bhalchandra Road, DadarbMumbaie400014k24149524k24143194mVicharBharatiPrakashan@yahoo.com a368p.c22 cm.(hb)